Find the way out of a hole (Record no. 81901)

MARC details
000 -LEADER
fixed length control field 01257cab a22002415a 4500
001 - CONTROL NUMBER
control field L148594
008 - FIXED-LENGTH DATA ELEMENTS--GENERAL INFORMATION
fixed length control field 091008e20090919xxk 000 0 eng d
035 ## - SYSTEM CONTROL NUMBER
System control number (Sirsi) u148594
041 0# - LANGUAGE CODE
Language code of text/sound track or separate title eng
100 1# - MAIN ENTRY--PERSONAL NAME
Personal name Cohen, Roger
245 00 - TITLE STATEMENT
Title Find the way out of a hole
260 ## - PUBLICATION, DISTRIBUTION, ETC.
Date of publication, distribution, etc. 2009
490 ## - SERIES STATEMENT
Series statement Estates Gazette
Volume/sequential designation (0937) 19 September 2009, 96-98(3)
520 ## - SUMMARY, ETC.
Summary, etc. Advises on interpreting contracts by referring to five key principles set out in "Investors Compensation Scheme Ltd v West Bromich Building Society (No 1)" HL [1998] 1 WLR 896. Recommends aids to help interpretation such as rent review formulae as set out in "London Regional Transport v Wimpey Group Services Ltd" [1986] 280 EG 898 and overage in "Chartbrook Ltd v Persimmon Homes Ltd" [2009] UKHL 38 (L136965) Compares English jurisdiction on precontractural negotiations with procedures in United States and Russsia.
590 ## - LOCAL NOTE (RLIN)
Local note KA
650 24 - SUBJECT ADDED ENTRY--TOPICAL TERM
Topical term or geographic name entry element INVESTORS COMPENSATION SCHEME LTD V WEST BROMWICH BUILDING SOCIETY
650 24 - SUBJECT ADDED ENTRY--TOPICAL TERM
Topical term or geographic name entry element LONDON REGIONAL TRANSPORT V WIMPEY GROUP SERVICES LTD
650 24 - SUBJECT ADDED ENTRY--TOPICAL TERM
Topical term or geographic name entry element CHARTBROOK LTD V PERSIMMON HOMES LTD AND ANOTHER
651 #4 - SUBJECT ADDED ENTRY--GEOGRAPHIC NAME
Geographic name United Kingdom
Chronological subdivision
690 ## - LOCAL SUBJECT ADDED ENTRY--TOPICAL TERM (OCLC, RLIN)
Topical term or geographic name as entry element BUILT ENVIRONMENT-BUILDING CONTRACT FORMS
700 1# - ADDED ENTRY--PERSONAL NAME
Personal name Soomal, Rashpal
942 ## - ADDED ENTRY ELEMENTS (KOHA)
Suppress in OPAC 0
Holdings
Withdrawn status Lost status Source of classification or shelving scheme Damaged status Not for loan Home library Current library Shelving location Date acquired Total Checkouts Full call number Barcode Date last seen Copy number Price effective from Koha item type
    Dewey Decimal Classification     London London Journal article 08/10/2009   L148594 148594-1001 06/08/2019 1 06/08/2019 Journal article